000 00956nam a22002417a 4500
005 20170124103204.0
010 _a420409
020 _c00.00
035 _a420409
037 _bCen Lib/Ret
040 _aDPL
_bHN
082 _a230.4
_bरतिभा
100 _aरतिभानु सिंह नाहर
_993082
245 _aभक्ति-आन्दोलन का अध्ययन /
_cरतिभानु सिंह नाहर
246 _aBhakti-andolan ka adhyyan /
_bby Ratibhanu Singh Nahar
260 _aइलाहाबाद
_bकिताब महल
300 _a368पृ.
_c21सेमी(सजिल्द)
650 _aभक्ति-आन्दोलन--विकास
_993083
650 _aउत्तर वैदिक काल
_942869
650 _aBhakti movement--Development
_993084
650 _aVedic Period
_913561
942 _2ddc
_cHN
_h230.4
_mरतिभा
999 _c120870
_d120870